Construcción de ciudadanía: experiencia de implementación de un índice de participación ciudadana en América Latina /
Gorde:
| Egile nagusia: | |
|---|---|
| Beste egile batzuk: | |
| Formatua: | Texto |
| Gaiak: | |
| Etiketak: |
Etiketa erantsi
Etiketarik gabe, Izan zaitez lehena erregistro honi etiketa jartzen!
|
MARC
| LEADER | 00000 a a2200000 04500 | ||
|---|---|---|---|
| 001 | 772 | ||
| 003 | |||
| 040 | |||
| 100 | |a Adúriz, Isidro | ||
| 245 | |a Construcción de ciudadanía: |b experiencia de implementación de un índice de participación ciudadana en América Latina / |c Isidro Adúriz ; Pablo Ava | ||
| 650 | |a CONSTRUCCION | ||
| 650 | |a CIUDADANIA | ||
| 650 | |a PARTICIPACION SOCIAL | ||
| 650 | |a DEMOCRACIA | ||
| 650 | |a SOCIEDAD CIVIL | ||
| 650 | |a DERECHOS HUMANOS | ||
| 650 | |a AMERICA LATINA | ||
| 650 | |a PARTICIPACION CIUDADANA | ||
| 650 | |a PARTICIPACION DIRECTA | ||
| 650 | |a PARTICIPACION ELECTORAL | ||
| 650 | |a PARTICIPACION OPINATIVA | ||
| 700 | |a Ava, Pablo | ||
| 773 | |g volumen 42; páginas 15-35 | ||
| 999 | |c 30073 |d 30073 | ||
